000 00445nam a2200157Ia 4500
008 140925s9999 xx 000 0 und d
020 _a1918-6215
245 _aCritical disability discourse / 
_h[electronic resource]
516 _aElectronic text
650 _aDisabilities.
650 _aJournal.
650 _aSpecial Education.
856 _uhttp://pi.library.yorku.ca/ojs/index.php/cdd
942 _cEJ
999 _c275719
_d275719